000253662 001__ 253662
000253662 005__ 20241127173316.0
000253662 0247_ $$aG:(GEPRIS)284403018$$d284403018
000253662 035__ $$aG:(GEPRIS)284403018
000253662 040__ $$aGEPRIS$$chttp://gepris.its.kfa-juelich.de
000253662 150__ $$aAnwendungen für Sequenzierung, Proteomik und Metabolomik zur Untersuchung von Metaorganismen (Z03)$$y2016 -
000253662 371__ $$aProfessor Dr. John F. Baines
000253662 371__ $$aDr. Robert Häsler
000253662 371__ $$aProfessor Dr. Manuel Liebeke
000253662 371__ $$aProfessor Philip Caspar Rosenstiel, Ph.D.
000253662 371__ $$aProfessor Dr. Andreas Tholey
000253662 450__ $$aSFB 1182 Z03$$wd$$y2016 -
000253662 5101_ $$0I:(DE-588b)2007744-0$$aDeutsche Forschungsgemeinschaft$$bDFG
000253662 550__ $$0G:(GEPRIS)261376515$$aSFB 1182: Entstehen und Funktionieren von Metaorganismen$$wt
000253662 680__ $$aDas Z3 Projekt unterstützt unterschiedliche Omics-Analysen. Hierzu gehört das Next Generation Sequencing, das vom Comprehensive Centre for Genome Analysis Kiel angeboten wird. Z3 unterstützt darüber hinaus Proteomics-Anwendungen zur Identifizierung, Quantifizierung und molekularen Charakterisierung von Proteinen, Proteomen und Peptidomen und zusätzlich Metabolomics-Ansätze zur räumlichen Metabolomik oder zur gezielten und ungezielten Analyse von Metaboliten in Metaorganismen.
000253662 909CO $$ooai:juser.fz-juelich.de:920264$$pauthority$$pauthority:GRANT
000253662 909CO $$ooai:juser.fz-juelich.de:920264
000253662 980__ $$aG
000253662 980__ $$aAUTHORITY